| 000 | 00474nam a2200157 a 4500 | ||
|---|---|---|---|
| 001 | 000027850 | ||
| 005 | 20200930031139.0 | ||
| 008 | 110405s1981 dr ac 000 0 spa d | ||
| 040 |
_aDO-SdBNP _bspa _cBNPHU |
||
| 100 | 1 |
_aPadilla, Napoleón S. _954925 |
|
| 245 | 1 | 0 |
_aCultivo del tabaco negro / _cNapoleón S. Padilla. |
| 260 |
_aSanto Domingo : _bIntituto del tabaco, _c1981. |
||
| 300 |
_a69 p. : _bil., retr. ; _c27 cm. |
||
| 504 | _aBibliografía : p. 69. | ||
| 049 | _aBNPD | ||
| 999 |
_c27342 _d27342 |
||